000 00431nab a2200145Ia 4500
003 ES-SlBCS
005 20210601130314.0
008 140529s2004 xxu||||| |||| 00| 0 fre d
041 _afre
100 1 _aSgard, Jérôme
_953405
245 0 0 _aL'État et la sanction du marché: l'expérience de la faillite
_c Jérôme Sgard
650 0 4 _aQuiebra
_9171340
773 0 _tEsprit
_gnº. 310, 2004, págs. 110-128
_wRev1438
942 _cAR
999 _c544442
_d544442